| 000 | 00982nam a2200277Ia 4500 | ||
|---|---|---|---|
| 003 | OSt | ||
| 005 | 20221005112642.0 | ||
| 006 | a|||||r|||| 00| 0 | ||
| 007 | ta | ||
| 008 | 221004b |||||||| |||| 00| 0 pan d | ||
| 020 |
_a9789380825250 _c225 |
||
| 024 | _a116620 | ||
| 037 |
_b660, 22/03/2012, H.K. Prakashan _cTextual |
||
| 040 |
_aCRL _cCRL _bpan |
||
| 041 |
_2pan _apan |
||
| 082 | _aY73(P153):351, 153Q1 | ||
| 100 | _aਹਰਜੀਤ ਕੌਰ | ||
| 245 | 0 | _aਪੰਜਾਬੀ ਲੋਕ ਗੀਤਾਂ ਵਿਚ ਰਿਤਿਆਂ ਦਾ ਯਥਾਰਥ | |
| 260 |
_aਜਲੰਧਰ _bਦੀਪਕ ਪਬਲਿਰਗ਼ ਭਾਰਤ _c2011 |
||
| 300 |
_a192ਪੰ _ccm. |
||
| 650 | _a ਲੋਕ ਗੀਤ | ||
| 650 | _a ਲੋਕ ਧਾਰਾ | ||
| 650 |
_aਸਮਾਜ ਵਿਗਿਆਨ _9156353 |
||
| 942 |
_hY73(P153):351, 153Q1 _cTEXL _2cc |
||
| 999 |
_c1025532 _d1025532 |
||